[Event "Floripa Chess Open 2024"]
[Site "Florianopolis"]
[Date "2024.01.27"]
[Round "9.152"]
[White "Ferreira, Jose Carlos"]
[Black "Gorgen, Antonio Rebello Hor"]
[Result "1-0"]
[WhiteElo "1624"]
[BlackElo "1793"]
[PlyCount "70"]
[EventDate "2024.01.20"]
[EventRounds "10"]
[EventCountry "BRA"]

1. d4 Nf6 2. c4 g6 3. Nc3 Bg7 4. e4 d6 5. Bd3 O-O 6. Nge2 c5 7. d5 Nbd7 8. Ng3
({RR} 8. Bc2 Ne8 9. O-O Nc7 10. a4 Na6 11. f4 Nb4 12. Be3 e6 13. dxe6 fxe6 14.
Qd2 Nf6 15. Rad1 Ng4 16. Bb1 Nc6 17. Kh1 Nxe3 18. Qxe3 Nd4 19. e5 dxe5 20. fxe5
Rxf1+ 21. Rxf1 Bd7 22. Nxd4 cxd4 {Caruana,F (2781)-Nakamura,H (2769) Wijk aan
Zee 2013 0-1 (61)}) ({RR} 8. Bc2 Ne5 9. b3 Ne8 10. O-O f5 11. exf5 Bxf5 12. Bg5
Qd7 13. Rb1 Bxc2 14. Qxc2 Nf6 15. Ng3 Qg4 16. Be3 Nh5 17. Nce4 Nf4 18. f3 Qh4
19. Rbe1 Ned3 20. Rd1 Ne5 21. a3 Nh5 22. b4 b6 {Havanecz,B (2224)-Marcinczyk,M
(2020) chess.com INT 2021 1-0}) 8... Ne5 9. Be2 e6 $146 ({RR} 9... b6 10. O-O
Qc7 11. h3 Ne8 12. Bg5 f6 13. Be3 a6 14. f4 Nf7 15. a4 Bh6 16. Qd2 Bg7 17. Bd3
e5 18. dxe6 Bxe6 19. f5 Bd7 20. Nd5 Qd8 21. Bf4 g5 22. Be3 Rb8 23. b4 Nc7 24.
Be2 {Emodi,B (2340)-Hidegh,L Budapest 1997 1-0 (36)}) ({RR} 9... Bg4 10. f3 Bd7
11. Bg5 Qc8 12. Qd2 Be8 13. f4 Ned7 14. h3 h6 15. Bh4 a6 16. a4 Qd8 17. O-O Nh7
18. Nh1 f5 19. Nf2 fxe4 20. Ncxe4 Ndf6 21. Bd3 Bd7 22. g4 Rf7 23. Bc2 Rf8 24.
Nxf6+ {Beck,G (1914)-Baumann,W (1698) Schloss Schney 2007 1-0}) ({RR} 9... a6
10. O-O h6 11. h3 Ne8 12. Be3 Nd7 13. f4 e5 14. f5 Ndf6 15. Bd3 g5 16. a3 Bd7
17. Qe2 Rb8 18. b4 b6 19. Rfb1 Qe7 20. Ra2 Nc7 21. Rab2 Na8 22. a4 Rfc8 23. Qf2
Qe8 24. b5 {Hilpert,R (1922)-Rasche,L (1852) Germany 2012 1/2-1/2}) 10. O-O
exd5 11. cxd5 h5 12. Bg5 Qb6 13. Qc1 Bg4 14. f3 Bd7 15. h3 Nh7 16. Be3 Be8 17.
Rb1 Qc7 18. f4 Nd7 19. a4 a6 20. Qd2 Nb6 21. b3 Bd7 22. Rfc1 Rfe8 23. Bd3 Bxc3
24. Qxc3 Nxd5 25. Qd2 Nxe3 26. Qxe3 a5 27. Qf2 b6 28. f5 Re5 29. Kf1 Kf8 30.
Qf4 g5 31. Qf3 h4 32. Nh1 f6 33. Bc4 Kg7 34. Nf2 Be8 35. Rd1 Bd7 1-0

[Event "Floripa Chess Open 2024"]
[Site "Florianopolis"]
[Date "2024.01.27"]
[Round "9.153"]
[White "Goncalves, Richard Gabriel Sim"]
[Black "Miranda, Catarina Oliveira"]
[Result "0-1"]
[WhiteElo "1800"]
[BlackElo "1620"]
[PlyCount "31"]
[EventDate "2024.01.20"]
[EventRounds "10"]
[EventCountry "BRA"]

1. d4 d5 2. Nf3 e6 3. e3 Nd7 4. Bd3 f5 5. b3 Bd6 6. Bb2 Ngf6 7. Nbd2 O-O 8. O-O
Ne4 9. Ne5 c5 $146 ({RR} 9... Qf6 10. Nxd7 Bxd7 11. Nf3 Be8 {1/2-1/2 (11)
Moylan,L (2076)-Grcic,M Canberra 2001}) 10. c4 Rf6 11. Nxd7 Bxd7 12. dxc5 Bxh2+
13. Kh1 Rh6 14. Bxe4 fxe4 15. g3 Bxg3+ 16. Kg2 0-1

[Event "Floripa Chess Open 2024"]
[Site "Florianopolis"]
[Date "2024.01.27"]
[Round "9.154"]
[White "Viana, Amanda Thamy Koto"]
[Black "Morioka, Felipe Yukio"]
[Result "1-0"]
[WhiteElo "1800"]
[BlackElo "1612"]
[PlyCount "121"]
[EventDate "2024.01.20"]
[EventRounds "10"]
[EventCountry "BRA"]

1. e4 c5 2. c3 d5 3. exd5 Qxd5 4. d4 Nf6 5. Nf3 e6 6. Be2 Nc6 7. Be3 cxd4 8.
cxd4 Be7 9. Nc3 Qd6 10. O-O O-O 11. h3 b6 ({RR} 11... Rd8 12. Bd3 b6 13. Qe2
Bb7 14. Rfd1 Nb4 15. Bb5 Rac8 16. a3 Nbd5 17. Nxd5 Nxd5 18. Ba6 Bxa6 19. Qxa6
Rc2 20. Rd2 Rc7 21. Re1 Rdc8 22. Ne5 Nxe3 23. fxe3 Bh4 24. Red1 Bg5 25. Qd3 Qd5
26. Nf3 {Tymrakiewicz,R (2205)-Bernadskiy,V (2599) Katowice POL 2021 1/2-1/2 
(79)}) 12. Nb5 $146 ({RR} 12. a3 Bb7 13. Qd3 Rfd8 14. Rfd1 h6 15. b4 Rac8 16.
Qd2 Bf8 17. Bf4 Qd7 18. Bb5 Qe7 19. Bg3 Nxb4 20. axb4 Qxb4 21. Rac1 Bxf3 22.
gxf3 Nd5 23. Bh4 f6 24. Qe1 Rxc3 25. Rxc3 Qxc3 26. Qxe6+ Kh8 {Novak,P (2215)
-Lehtinen,A Tallinn 1997 0-1 (46)}) ({RR} 12. Rc1 Bb7 13. a3 Rfd8 14. Qa4 a6
15. Rfd1 b5 16. Qc2 Rac8 17. Qd2 Qb8 18. Qe1 Nd5 19. Nxd5 Rxd5 20. Bd3 b4 21.
Be4 Rdd8 22. axb4 Nxb4 23. Bxb7 Rxc1 24. Bxc1 Qxb7 25. Qe2 Rc8 26. Ne1 h6 {
Andrade Ocana,J (2080)-Frois,A (2385) Lisbon 1998 0-1 (71)}) ({RR} 12. Qb3 Bb7
13. Rfd1 Rfd8 14. Rac1 Rac8 15. a3 Nd5 16. Ne4 Qb8 17. Bb5 Nf6 18. Nxf6+ Bxf6
19. Qa4 Ne7 20. Rxc8 Rxc8 21. Nd2 Nf5 22. Nf1 Qd6 23. Be2 Nh4 24. f3 a6 25. Bd3
Ng6 26. Be4 b5 {Swicarz,M-Niederwieser,P Ceske Budejovice 1996 1/2-1/2 (75)})
12... Qd8 13. Rc1 Bb7 14. Qd2 a6 15. Nc3 b5 16. Bd3 Rc8 17. Qe2 Nb4 18. Bb1
Nbd5 19. Bg5 h6 20. Bxf6 Bxf6 21. Qd3 g6 22. Nxd5 Qxd5 23. b3 Rfd8 24. Rxc8
Rxc8 25. Rd1 b4 26. Qf1 Rd8 27. Bc2 Rc8 28. Bd3 a5 29. Bc4 Qd6 30. Qd3 Kg7 31.
Qe3 Bd5 32. Qd3 Qc6 33. Ne5 Bxe5 34. Bxd5 Qxd5 35. dxe5 Qxd3 36. Rxd3 Rc1+ 37.
Kh2 Rc2 38. Kg3 Rxa2 39. Kf3 g5 40. g4 Ra1 41. Ke4 Re1+ 42. Re3 Rxe3+ 43. Kxe3
f6 44. Kd3 fxe5 45. Kc4 Kf6 46. Kb5 e4 47. Kxa5 Ke5 48. Kxb4 Kf4 49. Kc4 e5 50.
Kd5 Kf3 51. Kxe5 Kxf2 52. Kxe4 Kg3 53. b4 Kxh3 54. b5 Kxg4 55. b6 h5 56. b7 h4
57. b8=Q h3 58. Qh2 Kh4 59. Qf2+ Kg4 60. Qf3+ Kh4 61. Kf5 1-0

[Event "Floripa Chess Open 2024"]
[Site "Florianopolis"]
[Date "2024.01.27"]
[Round "9.155"]
[White "Candido, Eduardo Da Silva"]
[Black "Cunha, Angelo"]
[Result "1-0"]
[WhiteElo "1792"]
[BlackElo "1598"]
[PlyCount "85"]
[EventDate "2024.01.20"]
[EventRounds "10"]
[EventCountry "BRA"]

1. e4 c5 2. Nf3 g6 3. d4 cxd4 4. Qxd4 Nf6 5. Nc3 Nc6 6. Qa4 Bg7 7. e5 Ng8 8.
Bf4 a6 ({RR} 8... f6 9. exf6 Nxf6 10. Bc4 Qa5 11. Qb3 d5 12. Bb5 O-O 13. O-O e6
14. Bxc6 bxc6 15. Qa4 Qxa4 16. Nxa4 Nd7 17. Bd6 Re8 18. Rfe1 e5 19. c3 Ba6 20.
Nc5 Nxc5 21. Bxc5 Bd3 22. Rad1 Be4 23. Nd2 {Rublevsky,S (2667)-Ponomariov,R 
(2721) Tomsk 2006 0-1 (63)}) ({RR} 8... f6 9. exf6 Nxf6 10. O-O-O Qb6 11. Bc4
Qa5 12. Qb3 Qf5 13. Bg3 Na5 14. Qb4 Nxc4 15. Qxc4 a6 16. Rhe1 d5 17. Rxd5 Nxd5
18. Nxd5 e6 19. Nc7+ Kf7 20. Nxa8 Re8 21. Nb6 {1-0 (21) Burke,J (2567)-Besa,M 
(1706) Dulles USA 2022}) 9. O-O-O f6 $146 ({RR} 9... Bh6 10. Bxh6 Nxh6 11. g4
Rb8 12. Qf4 Ng8 13. Ng5 f6 14. exf6 Nxf6 15. Ne6 Qa5 16. Ng7+ Kf7 17. g5 Kxg7
18. gxf6+ exf6 19. Bh3 f5 20. Rhe1 b5 21. Bg2 Qb4 22. Qf3 Rb7 23. Rxd7+ Kh6 24.
Rxh7+ {Ridge,M (1881)-McPheator,G (1741) Dundee 2014 0-1 (56)}) ({RR} 9... b5
10. Bxb5 Bb7 11. Bc4 Nh6 12. e6 d6 13. exf7+ Nxf7 14. Bxf7+ Kxf7 15. Qb3+ Kf8
16. Ng5 Ke8 17. Qf7+ Kd7 18. Rxd6+ Kc8 19. Qe6+ Kb8 20. Rxd8+ Ka7 21. Be3+ Bd4
22. Rxd4 Nxd4 23. Bxd4+ Kb8 24. Qxe7 {Schebler,G (2452)-Suwanvaree,P (1607)
Bangkok 2015 1-0 (31)}) ({RR} 9... e6 10. Ne4 Qa5 11. Nd6+ Kf8 12. Qxa5 Nxa5
13. Bd3 b5 14. Be4 Rb8 15. Be3 f5 16. exf6 Nxf6 17. Ba7 Nxe4 18. Bxb8 Nxf2 19.
Nxc8 Nxh1 20. Rxh1 Nc4 21. b3 Bh6+ 22. Kd1 Kg7 23. bxc4 Rxc8 24. Be5+ {
Slettebo,J (2020)-Christophersen,D (1788) Ballerup 2017 1-0 (48)}) 10. e6 d6
11. Bc4 Qa5 12. Rhe1 Qxa4 13. Nxa4 Ne5 14. Bxe5 fxe5 15. Nb6 Rb8 16. Nd2 Bh6
17. Kb1 Bxd2 18. Rxd2 Nf6 19. Rd3 Nh5 20. Rc3 Kd8 21. Ree3 Rf8 22. Rf3 Rf6 23.
Rxf6 exf6 24. Bb3 Bxe6 25. Bxe6 Nf4 26. Bd5 h5 27. g3 Nh3 28. Bf7 g5 29. Bxh5
Nxf2 30. Kc1 Ne4 31. Rc4 Nc5 32. Bg4 Ke7 33. b4 Rh8 34. bxc5 dxc5 35. h3 Kd6
36. a4 Kc6 37. a5 Kb5 38. Ra4 Kc6 39. c4 Rf8 40. Bf5 Re8 41. Bd7+ Kd6 42. Ra2
Ke7 43. Bf5 1-0

[Event "Floripa Chess Open 2024"]
[Site "Florianopolis"]
[Date "2024.01.27"]
[Round "9.156"]
[White "De Oliveira, Gualter Amelio"]
[Black "Rafaelknunes, Rafael Klanfer Nune"]
[Result "0-1"]
[WhiteElo "1585"]
[BlackElo "1789"]
[PlyCount "78"]
[EventDate "2024.01.20"]
[EventRounds "10"]
[EventCountry "BRA"]

1. e4 c5 2. Nc3 Nc6 3. d3 d6 4. g3 g6 5. Bg2 Bg7 6. Nge2 e6 7. Be3 Nge7 8. Rb1
({RR} 8. d4) ({RR} 8. d4 cxd4 9. Nxd4 a6 10. Qd2 O-O 11. Rd1 Ne5 12. Qe2 Qc7
13. O-O Rb8 14. f4 Nc4 15. Bc1 b5 16. b3 Nb6 17. Ncxb5 axb5 18. Nxb5 Ba6 19.
Rf2 Bxb5 20. Qxb5 Nbd5 21. Qd3 Nc3 22. Qxd6 Qa7 {Troberg Eskola,L (2143)
-Ziegler,A (2299) Gothenburg SWE 2019 0-1 (60)}) 8... O-O 9. d4 $146 ({RR} 9.
O-O Rb8 10. d4 b6 11. d5 exd5 12. Nxd5 Nxd5 13. Qxd5 Bb7 14. Qd2 Re8 15. Rfd1
Na5 16. b3 Bxe4 17. Bxe4 Rxe4 18. Qxd6 Qe8 19. Nf4 Nc6 20. Nd5 Re6 21. Qf4 Be5
22. Qh4 Rc8 23. c3 Bg7 {Noble,A (2060)-Rohrbach,F (2095) Roethenbach 1996 1/
2-1/2}) ({RR} 9. O-O b6 10. d4 Ba6 11. Re1 Rc8 12. d5 Bxe2 13. Nxe2 exd5 14.
exd5 Ne5 15. b3 b5 16. Qd2 Nf5 17. Bf4 Re8 18. Kh1 Qb6 19. c4 bxc4 20. bxc4
Nxc4 21. Rxb6 Nxd2 22. Rb7 Nc4 23. Bf1 Nb6 {Noble,A (2060)-Roeder,F (2275)
Roethenbach 1996 0-1 (37)}) ({RR} 9. O-O b6 10. Qd2 Re8 11. Bh6 Bh8 12. f4 Bb7
13. g4 f5 14. h3 Nd4 15. Nxd4 Bxd4+ 16. Kh2 d5 17. exf5 exf5 18. Bg5 Qd7 19.
Bf3 Kg7 20. Qg2 Bxc3 21. bxc3 Rab8 22. d4 cxd4 23. cxd4 Ng8 {Pratyusha,B (1736)
-Kuzniatsova,A (1994) Kemer 2007 1-0 (37)}) 9... cxd4 10. Nxd4 e5 11. Ndb5 a6
12. Nxd6 Qc7 13. Nxc8 Rd8 14. Qc1 Raxc8 15. O-O Nd4 16. Bh3 f5 17. f4 Qxc3 18.
bxc3 Ne2+ 19. Kf2 Nxc1 20. Rfxc1 b5 21. Rd1 Rxd1 22. Rxd1 Rxc3 23. Rd2 Kf7 24.
Ke1 Rxe3+ 25. Kd1 exf4 26. exf5 Bc3 27. Re2 Rxe2 28. Kxe2 g5 29. Kf3 Bd2 30. g4
Nd5 31. Bg2 Ne3 32. Bh3 Nxc2 33. Ke2 Be3 34. Kd3 Nb4+ 35. Kc3 Nxa2+ 36. Kb3
Nc1+ 37. Kb4 Bd2+ 38. Kc5 b4 39. Bf1 b3 0-1

[Event "Floripa Chess Open 2024"]
[Site "Florianopolis"]
[Date "2024.01.27"]
[Round "9.157"]
[White "Gorgen, Raphael Rebello Hor"]
[Black "Gomes, Genildo De Souza"]
[Result "1/2-1/2"]
[WhiteElo "1779"]
[BlackElo "1560"]
[PlyCount "67"]
[EventDate "2024.01.20"]
[EventRounds "10"]
[EventCountry "BRA"]

1. e4 e6 2. d4 d5 3. Nd2 Nf6 4. e5 Nfd7 5. c3 c5 6. f4 Nc6 7. Ndf3 cxd4 8. cxd4
Bb4+ 9. Kf2 f6 10. g3 fxe5 11. fxe5 O-O 12. Kg2 Qe8 ({RR} 12... Rf7 13. Bd3 Nf8
14. Ng5 Re7 15. Qh5 h6 16. N5f3 Bd7 17. Ne2 Be8 18. Qg4 Kh8 19. a3 Ba5 20. Bg5
hxg5 21. Nxg5 g6 22. Raf1 Nh7 23. Nxh7 Kxh7 24. Qh4+ Kg7 25. Rf8 {1-0 (25)
Negi,P (2621)-Van Dongen,C (2380) Cappelle-la-Grande 2010}) 13. Bd3 Be7 14. h4
$146 ({RR} 14. Be3 Nb4 15. Bb1 Nb6 16. b3 Bd7 17. a3 Nc6 18. Nh3 Qh5 19. Nf4
Qf7 20. h4 g6 21. Nh3 Qg7 22. h5 gxh5 23. Nhg5 h6 24. Nh7 h4 25. Nxh4 Rf7 26.
Ng6 Bg5 27. Nxg5 hxg5 28. Rh8+ Qxh8 {Sengupta,D (2562)-Suarez Pozo,J (1895)
Seville 2012 1-0}) ({RR} 14. Ne2 Nb6 15. a3 Bd7 16. Qc2 Kh8 17. Rf1 Rc8 18. Qb1
g6 19. Bh6 Rg8 20. Ng5 Bxg5 21. Bxg5 Rf8 22. Bf6+ Kg8 23. h4 Ne7 24. g4 Bb5 25.
Nc3 Bxd3 26. Qxd3 a6 27. Qd2 Nc6 28. Qh6 Rc7 {Kahn,P (2062)-Schulz,G (1830)
Binz 2016 1-0 (33)}) 14... Qh5 15. Be3 Nb6 16. b3 Bd7 17. Nh3 h6 18. Nf4 Rxf4
19. Bxf4 Rf8 20. Qb1 Qg4 21. Qc1 Ba3 22. Qe3 Nb4 23. Bb1 Bb2 24. h5 Rxf4 25.
Qxf4 Qxf4 26. gxf4 Bxa1 27. Kf2 Nc6 28. Ke3 Bb2 29. Bd3 Nb4 30. Bb1 Nc8 31. Rh2
Ba3 32. Nh4 Ne7 33. Rg2 Nf5+ 34. Nxf5 1/2-1/2

[Event "Floripa Chess Open 2024"]
[Site "Florianopolis"]
[Date "2024.01.27"]
[Round "9.158"]
[White "Espindola, Carlos Marcelo"]
[Black "Vaz, Vania Dora Madona"]
[Result "1-0"]
[WhiteElo "1434"]
[BlackElo "1236"]
[PlyCount "71"]
[EventDate "2024.01.20"]
[EventRounds "10"]
[EventCountry "BRA"]

1. Nf3 Nf6 2. g3 g6 3. Bg2 Bg7 4. O-O O-O 5. c4 d6 6. Nc3 c6 7. d3 Nbd7 8. Bd2
e5 9. Qc1 Nh5 ({RR} 9... Re8 10. Ng5 a5 11. Nge4 Nxe4 12. dxe4 Nc5 13. b3 Be6
14. Rb1 Qe7 15. a4 f5 16. Rd1 Qf7 17. Be1 Red8 18. Qa3 f4 19. f3 Bf8 20. Bf2
Na6 21. Qb2 Nb4 22. e3 Bg7 23. exf4 exf4 24. Bd4 {Allahverdiyev,A (2380)
-Georgiev,V (2515) Linares 1997 1/2-1/2 (54)}) ({RR} 9... Qc7 10. Bh6 Re8 11.
Bxg7 {1/2-1/2 (11) Orsag,M (2368)-Tuma,J (2289) Germany 2016}) 10. Ne4 $146 ({
RR} 10. b4 f5 11. Rb1 f4 12. b5 c5 13. a4 h6 14. Nh4 g5 15. Bd5+ Kh7 16. Be4+
Kg8 17. Ng6 Re8 18. Bd5+ Kh7 19. Bf7 Ndf6 20. e4 Qd7 21. Bxe8 Qh3 22. Nf8+ Bxf8
23. Bxh5 Qxh5 24. f3 g4 {Aladag,Y (1396)-Kharitonov,I (1814) Batumi 2014 0-1 
(31)}) 10... Qe7 11. Bg5 f6 12. Bh6 Nc5 13. Bxg7 Kxg7 14. Nxc5 dxc5 15. Qc3 Kh8
16. a3 Be6 17. b4 cxb4 18. axb4 a6 19. Nd2 Rad8 20. Ra3 Ng7 21. Ne4 Nf5 22. Nc5
Bc8 23. Qb2 h5 24. Rfa1 h4 25. Ne4 Qh7 26. b5 hxg3 27. hxg3 Kg7 28. bxc6 Rf7
29. cxb7 Bxb7 30. Nxf6 Kxf6 31. Bxb7 Rxb7 32. Rxa6+ Kg5 33. Qxe5 Rh8 34. Qf4+
Kh5 35. Kg2 Qc7 36. Rh1+ 1-0

[Event "Floripa Chess Open 2024"]
[Site "Florianopolis"]
[Date "2024.01.27"]
[Round "9.159"]
[White "Lopes, Marcia Maria Dias"]
[Black "Pontes, Larissa Amelio De O"]
[Result "1-0"]
[WhiteElo "1297"]
[BlackElo "1019"]
[PlyCount "55"]
[EventDate "2024.01.20"]
[EventRounds "10"]
[EventCountry "BRA"]

1. d4 d5 2. Nf3 Nf6 3. Bf4 Nc6 4. c3 e6 5. e3 Bd6 6. Ne5 ({RR} 6. Bd3 O-O 7.
Nbd2 Bd7 8. O-O Qe7 9. Ne5 h6 10. h3 Rfe8 11. b4 a6 12. a4 Red8 13. Qc2 Rdc8
14. Ndf3 Be8 15. b5 axb5 16. axb5 Na5 17. Rfb1 Nd7 18. Nxd7 Qxd7 19. Bh7+ Kh8
20. Bd3 Kg8 {Domogaev,S (2365)-Tishin,P (2400) Tula 2010 1-0 (63)}) ({RR} 6.
Bg3 O-O 7. Bd3 Ne7 8. Nbd2 Ng4 9. Bxh7+ Kxh7 10. Ng5+ Kg6 11. Bxd6 Nxf2 12.
Kxf2 Qxd6 13. Ndf3 f6 14. Qd3+ Nf5 15. Nh3 Kf7 16. e4 dxe4 17. Qxe4 Bd7 18.
Rhe1 Bc6 19. Qg4 Bxf3 20. Qxf3 Rfe8 {Kurowski,M (1590)-Wiktorowski,J (1449)
Warsaw POL 2021 0-1 (33)}) 6... Bxe5 7. dxe5 Ne4 $146 ({RR} 7... Nd7 8. Bb5 O-O
9. Bxc6 bxc6 10. O-O f6 11. exf6 Nxf6 12. Qa4 Bd7 13. Qa5 Qb8 14. b3 Qb6 15.
Bxc7 Qxa5 16. Bxa5 Rf7 17. Nd2 Bc8 18. Rfe1 c5 19. Rac1 Ba6 20. c4 Nd7 21. cxd5
exd5 22. Bc7 {Grube,H-Lenz,M Hassloch 1999 1-0 (47)}) ({RR} 7... Nd7 8. Bb5 a6
9. Bxc6 bxc6 10. Qg4 g6 11. Nd2 Nf8 12. Bg5 h5 13. Qf4 Qd7 14. Nb3 Bb7 15. Nc5
Qc8 16. Qf6 Qd8 17. Nxb7 Qxf6 18. Bxf6 Rg8 19. Nc5 Nd7 20. Nxd7 Kxd7 21. Rd1
Rab8 22. Rd2 {Coelho,R (1884)-Dos Santos,F Serra Talhada 2012 1-0 (38)}) ({RR} 
7... Nd7 8. Bb5 O-O 9. Qg4 Qe7 10. Bg5 f6 11. exf6 Nxf6 12. Qh4 Bd7 13. Bd3 h6
14. Bxh6 gxh6 15. Qxh6 Qg7 16. Qxg7+ Kxg7 17. Nd2 Kf7 18. f3 Rg8 19. g4 a6 20.
h4 Rh8 21. Ke2 Ne5 22. Bc2 {Pentogenis,I (1144)-Stefanopoulos,I Achaia 2017
0-1 (66)}) 8. Qc2 g5 9. Bg3 Nxg3 10. hxg3 Nxe5 11. Rxh7 Rg8 12. Nd2 Qf6 13. Nb3
Bd7 14. O-O-O O-O-O 15. Nd4 Rh8 16. f4 Ng6 17. Rxh8 Rxh8 18. Bd3 gxf4 19. gxf4
Rh2 20. Nf3 Rh6 21. Qd2 e5 22. Bxg6 Rxg6 23. Nxe5 Rg3 24. Nxd7 Kxd7 25. Qxd5+
Kc8 26. Qd7+ Kb8 27. Qe8+ Qd8 28. Qxd8# 1-0

[Event "Floripa Chess Open 2024"]
[Site "Florianopolis"]
[Date "2024.01.27"]
[Round "9.160"]
[White "Dos Santos, Douglas Asterio"]
[Black "Do Prado, Hamilton Mesquita"]
[Result "1/2-1/2"]
[WhiteElo "1353"]
[BlackElo "1673"]
[PlyCount "120"]
[EventDate "2024.01.20"]
[EventRounds "10"]
[EventCountry "BRA"]

1. d4 d5 2. Nf3 c6 3. g3 Nf6 4. Bg2 h6 5. O-O Bf5 6. c4 e6 7. Qb3 Qb6 8. Qxb6
axb6 9. cxd5 exd5 10. Bf4 Nbd7 11. Nc3 Ne4 12. Nxe4 Bxe4 13. Ne5 Bxg2 14. Kxg2
Nf6 $146 ({RR} 14... Ra4 15. Nf3 g5 16. b3 Ra6 17. Bd2 Ba3 18. Rab1 b5 19. Ne1
Bd6 20. Rb2 Ke7 21. Nd3 Rha8 22. Nb4 R6a7 23. Ra1 Ke6 24. f3 c5 25. Nc2 f5 26.
e3 c4 27. bxc4 bxc4 28. Bb4 Bxb4 29. Nxb4 {Schmidt,F (2045)-Balcerak,P (2265)
Germany 2006 0-1 (36)}) 15. a3 Be7 16. Rfe1 O-O 17. Rac1 b5 18. Rc2 b4 19. axb4
Bxb4 20. Rec1 Ra2 21. Nd3 Be7 22. f3 Rfa8 23. Kf2 Nd7 24. Bd2 f6 25. Bb4 Kf7
26. Bxe7 Kxe7 27. Nb4 Ra1 28. Nxc6+ bxc6 29. Rxc6 Rxc1 30. Rxc1 Kd6 31. Ke3 Rb8
32. Rb1 Rb3+ 33. Kd2 Nb6 34. Kc2 Rb5 35. b3 Nd7 36. Ra1 Rb7 37. h4 f5 38. Ra6+
Nb6 39. Kc3 Kc6 40. Ra5 Kd6 41. Ra6 Ke7 42. Ra5 Nd7 43. Rxd5 Rc7+ 44. Kd2 Ke6
45. Ra5 Nb6 46. Rc5 Rd7 47. Rc6+ Rd6 48. Rxd6+ Kxd6 49. e4 fxe4 50. fxe4 h5 51.
Kc3 Nd7 52. Kc4 Nf8 53. e5+ Ke6 54. Kd3 Kd5 55. b4 Ne6 56. Ke3 Nxd4 57. Kf4 Nc6
58. Kg5 Nxb4 59. Kxh5 Kxe5 60. Kg6 Nd5 1/2-1/2

[Event "Floripa Chess Open 2024"]
[Site "Florianopolis"]
[Date "2024.01.27"]
[Round "9.161"]
[White "Quintela, Filipe"]
[Black "Barbosa, Kassio Rodrigo"]
[Result "1-0"]
[WhiteElo "1800"]
[BlackElo "1548"]
[PlyCount "33"]
[EventDate "2024.01.20"]
[EventRounds "10"]
[EventCountry "BRA"]

1. e4 c5 2. Nf3 e6 3. d4 cxd4 4. Nxd4 a6 5. Nc3 Qc7 6. Bd3 Bb4 7. Bd2 Nc6 ({RR
} 7... Nf6 8. O-O Bc5 9. Nb3 Ba7 10. Qe2 Nc6 11. Kh1 Nd4 12. Nxd4 Bxd4 13. f4
d6 14. Rae1 Nd7 15. Nd5 Qd8 16. c3 Ba7 17. Ne3 b5 18. c4 O-O 19. Bc3 bxc4 20.
Nxc4 Qe7 21. e5 d5 22. Nd6 {Watson,W (2505)-Stefansson,H (2480) Reykjavik 1989
0-1 (71)}) ({RR} 7... Nf6 8. O-O Be7 9. Kh1 O-O 10. f4 d6 11. Qe2 Nc6 12. Nxc6
bxc6 13. e5 Nd5 14. Ne4 f5 15. exf6 Nxf6 16. Ng5 Qd7 17. Rae1 Re8 18. Nxe6 Bf8
19. f5 d5 20. Bg5 Be7 21. Nxg7 Kxg7 22. Bxf6+ {Jakubowski,K (2470)-Cherniaiev,
T (2209) chess.com INT 2022 1-0 (34)}) 8. Nxc6 Qxc6 9. Qg4 $146 ({RR} 9. O-O b6
10. Qe2 Bb7 11. a3 Be7 12. Rad1 f5 13. Qh5+ g6 14. Qh3 O-O-O 15. Qg3 Nf6 16.
Rfe1 fxe4 17. Nxe4 Nh5 18. Qh3 Rdf8 19. f3 Nf4 20. Bxf4 Rxf4 21. Qg3 Rhf8 22.
Be2 Bh4 23. Qh3 Bxe1 {Schwarz,D (1147)-Kirchhoff,H (1337) Hofheim 2014 0-1})
9... g6 10. e5 d6 11. Qxb4 Qxg2 12. O-O-O dxe5 13. Ne4 Ne7 14. Bg5 Nd5 15. Nf6+
Kd8 16. Qd6+ Bd7 17. Qxd7# 1-0

[Event "Floripa Chess Open 2024"]
[Site "Florianopolis"]
[Date "2024.01.27"]
[Round "9.162"]
[White "Bezerra, Fabiano De Oliveira"]
[Black "Jurado, Laura Alves"]
[Result "1-0"]
[WhiteElo "1890"]
[BlackElo "1419"]
[PlyCount "73"]
[EventDate "2024.01.20"]
[EventRounds "10"]
[EventCountry "BRA"]

1. e4 c6 2. Nf3 d5 3. exd5 cxd5 4. Ne5 a6 5. d4 Nf6 ({RR} 5... Nd7 6. Nf3 Ndf6
7. c3 Bg4 8. h3 Bh5 9. g4 Bg6 10. Qb3 Qc7 11. g5 Nd7 12. Qxd5 e6 13. Qc4 Qa5
14. Bg2 h6 15. Nh4 Bxb1 16. Rxb1 hxg5 17. Bxb7 Rb8 18. Nf3 Qf5 19. Bc6 Qxb1 20.
Bxd7+ {Nisipeanu,L (2679)-Dreev,A (2644) Wijk aan Zee 2016 1/2-1/2 (31)}) 6.
Bd3 g6 ({RR} 6... Nc6 7. c3 g6 8. O-O Bg7 9. Re1 O-O 10. Nd2 Nd7 11. Nxc6 bxc6
12. Nf3 c5 13. Qe2 e6 14. Bf4 Qb6 15. Qd2 a5 16. h4 Ba6 17. Bxa6 Rxa6 18. h5
cxd4 19. cxd4 Qb4 20. Qd3 Rc6 21. h6 {Sipetin,V (2256)-Tari,A (2660) chess.com
INT 2022 0-1 (34)}) 7. c3 Bf5 $146 ({RR} 7... Bg7 8. Nd2 O-O 9. O-O Qc7 10.
Ndf3 Nc6 11. Qe2 Nxe5 12. dxe5 Nd7 13. Re1 Nc5 14. h3 Bd7 15. Bc2 Rac8 16. a4
Ne6 17. Bb3 Bc6 18. a5 Bb5 19. Qd1 Bc4 20. Be3 Nc5 21. Bc2 Rfd8 22. Bd4 {
Priyanka,K (2173)-Eesha,A (1744) New Delhi IND 2019 1/2-1/2 (67)}) ({RR} 7...
Bg7 8. Bg5 O-O 9. Nd2 Nbd7 10. Ndf3 Nxe5 11. Nxe5 Ne4 12. Bh4 Qd6 13. f3 Nf6
14. O-O Nh5 15. Re1 e6 16. g4 Nf4 17. Bg3 Bxe5 18. Rxe5 Nxd3 19. Qxd3 Qb6 20.
h4 Qxb2 21. Rb1 Qxa2 22. h5 {Schmidt,H (2351)-Havanecz,B (2224) chess.com INT
2021 0-1 (32)}) ({RR} 7... Bg7 8. O-O O-O 9. Nd2 Nc6 10. Qe2 Nxe5 11. dxe5 Nd7
12. e6 Ne5 13. exf7+ Rxf7 14. Bc2 Bg4 15. f3 Bd7 16. a4 Qb6+ 17. Kh1 Raf8 18.
c4 e6 19. Rb1 Qb4 20. b3 Nc6 21. Bd3 Bh6 22. Rd1 {Lubbe,N (2272)-Camarena
Gimenez,R (2323) Olomouc 2006 1/2-1/2}) 8. Bxf5 gxf5 9. Nd2 e6 10. Ndf3 Ne4 11.
Bf4 Rg8 12. g3 f6 13. Nd3 Nc6 14. Nd2 Bd6 15. Qh5+ Kf8 16. Bh6+ Ke7 17. Bf4 Rg7
18. Bh6 Rf7 19. Nxe4 dxe4 20. Nf4 Qb6 21. O-O Rg8 22. Ng2 Na5 23. b3 Ba3 24.
Rad1 Bd6 25. c4 Bc7 26. Nf4 Bxf4 27. Bxf4 Rfg7 28. f3 Nc6 29. Bd6+ Kd7 30. fxe4
Nxd4 31. c5 Qc6 32. Rxd4 Kc8 33. exf5 e5 34. Rd3 Qe4 35. Qf3 Qh4 36. Qg2 Qg5
37. b4 1-0

[Event "Floripa Chess Open 2024"]
[Site "Florianopolis"]
[Date "2024.01.27"]
[Round "9.163"]
[White "Garcia Cruz, Luis Manuel"]
[Black "Campora, Edgardo"]
[Result "0-1"]
[WhiteElo "1381"]
[BlackElo "1720"]
[PlyCount "54"]
[EventDate "2024.01.20"]
[EventRounds "10"]
[EventCountry "BRA"]

1. d4 Nf6 2. Bf4 g6 3. Nc3 Bg7 4. e4 d6 5. Qd2 Nbd7 6. Bh6 Bxh6 7. Qxh6 c5 ({RR
} 7... e5 8. Nf3 exd4 9. Nxd4 Qe7 10. f3 Ne5 11. O-O-O Be6 12. Kb1 O-O-O 13.
Qe3 a6 14. Nxe6 Qxe6 15. Qa7 Nc6 16. Qa8+ Nb8 17. Qa7 d5 18. exd5 Nxd5 19. Nxd5
Rxd5 20. Bd3 Qd6 21. a3 Rd8 22. Rhe1 {Rogac,S (2310)-Leitao,R (2592) chess.com
INT 2021 1/2-1/2 (35)}) 8. Nf3 Qa5 $146 ({RR} 8... cxd4 9. Nxd4 Qa5 10. O-O-O
a6 11. Kb1 b5 12. Nd5 Nxd5 13. exd5 Bb7 14. Qg7 Rf8 15. Nc6 Bxc6 16. dxc6 Ne5
17. f4 Nxc6 18. Be2 d5 19. Qxh7 e6 20. Qh4 Qa4 21. Bd3 Rc8 22. Qf2 Nb4 23. a3 {
Kharchenko,B (2476)-Andriasian,Z (2600) St Petersburg 2012 1-0 (60)}) 9. Bd3
cxd4 10. Nxd4 Ne5 11. O-O Nxd3 12. cxd3 Qb6 13. Nb3 Be6 14. Rab1 Bxb3 15. axb3
Qxb3 16. f4 Qb6+ 17. Kh1 O-O-O 18. e5 dxe5 19. fxe5 Ng4 20. Qh3 Qe6 21. Rbe1 h5
22. Re4 Kb8 23. Na4 Qa6 24. Nc5 Nf2+ 25. Rxf2 Qa1+ 26. Re1 Qxe1+ 27. Rf1 Qxf1#
0-1

[Event "Floripa Chess Open 2024"]
[Site "Florianopolis"]
[Date "2024.01.27"]
[Round "9.165"]
[White "Ferreira De Souza, Ricardo"]
[Black "Kerr, Carter"]
[Result "0-1"]
[WhiteElo "1329"]
[BlackElo "1624"]
[PlyCount "36"]
[EventDate "2024.01.20"]
[EventRounds "10"]
[EventCountry "BRA"]

1. e4 e5 2. f4 d6 3. Nf3 Nc6 4. Bc4 Bg4 5. Bxf7+ Kxf7 6. O-O Nf6 7. fxe5 dxe5
8. c3 Bc5+ 9. Kh1 $146 ({RR} 9. d4 exd4 10. Ng5+ Kg6 11. Qb3 Rf8 12. h3 dxc3+
13. Kh1 Nxe4 14. Rxf8 Qxf8 15. Nxe4 Qf1+ 16. Kh2 Bg1+ 17. Kg3 Qd3+ 18. Kxg4
Qxe4+ 19. Kg3 Qe1+ {0-1 (19) Jara Sanchez,C-Gonzalez Fernandez,M Albacete 1994}
) 9... Qd3 10. Ng5+ Kg6 11. Nf3 Nxe4 12. Nh4+ Kh6 13. Nf5+ Kg5 14. h4+ Kh5 15.
Nxg7+ Kxh4 16. Nf5+ Bxf5 17. Rf3 Nf2+ 18. Rxf2 Bxf2 0-1